banner-ar

امسيات قرب قرية ديكانكا (هدية من الاديب عبدالفتاح الجمل) / (Record no. 45879)

MARC details
000 -الفاتح
حقل البيانات ثابتة الطول 00665nam a2200193Ia 4500
008 - عناصر البيانات ثابتة الطول - معلومات عامة
حقل البيانات ثابتة الطول 140319s9999 xx 000 0 ara d
040 ## - مصدر الفهرسة
وكالة الفهرسة الأصلية GCL /
وكالة النسخ GCL
082 04 - رقم تصنيف ديوى العشرى
رقم التصنيف 891.7
رقم المادة ج ا
100 1# - المدخل الرئيسى - إسم شخصى
الإسم الشخصى ابراهيم زكى خورشيد
245 10 - بيان العنوان
العنوان امسيات قرب قرية ديكانكا (هدية من الاديب عبدالفتاح الجمل) /
بيان المسئوليه,etc ابراهيم زكى خورشيد
700 1# - المدخل الاضافى - اسم شخصى
الإسم الشخصى جوجول، نيكولاى
300 ## - الوصف المادى
التعداد 323 ص
490 ## - بيان السلسلة
عنوان السلسلة 100 قصة
رقم المجلد/ التعيين التسلسلي 0
650 04 - المدخل الاضافى بالموضوع-مصطلح موضوعى
مصطلح موضوعي القصص الروسية
650 04 - المدخل الاضافى بالموضوع-مصطلح موضوعى
مصطلح موضوعي الادب الروسى المترجم
650 04 - المدخل الاضافى بالموضوع-مصطلح موضوعى
مصطلح موضوعي الادب العالمى المترجم
942 ## - عناصر المدخل الإضافي( كوها)
مصدر التصنيف او مخطط الترفيف Dewey Decimal Classification
Koha [default] item type كتاب
Holdings
حالة التراجع حالة الفقد حالة تلف ليس للاعارة المكان المؤقت الموقع الحالى تاريخ الاكتساب اجمالي اﻻعارات رقم الطلب الباركود تاريخ اخر مشاهدة تاريخ تفعيل السعر نوع وعاء كوها
        مكتبة القاهرة الكبرى مكتبة القاهرة الكبرى 03/26/2014   891.7\ج ا 111826 03/26/2014 03/26/2014 كتاب

Powered By

EGPV